000 00658nam a2200253Ia 4500
003 OSt
005 20221006143646.0
006 a|||||r|||| 00| 0
007 ta
008 221006b |||||||| |||| 00| 0 eng d
020 _c161.00
024 _a9,574
037 _cTextual
040 _aEASL
_cEASL
_beng
041 _2eng
_aeng
082 _aX:9.41.N7, L9
100 _aRAWSKI Thomas G
245 0 _aEconomic growth and employment in China
260 _aNew York
_bOxford University Press
_c1979
300 _a194p.
_ccm.
490 _v CEL
942 _hX:9.41.N7, L9
_cTEXL
_2CC
999 _c1077660
_d1077660